| 000 | 00615 a2200181 4500 | ||
|---|---|---|---|
| 003 | OSt | ||
| 005 | 20250718154259.0 | ||
| 008 | 250704b |||||||| |||| 00| 0 eng d | ||
| 020 | _a9789390620036 | ||
| 040 | _coclc | ||
| 082 |
_a620.5 _bPUR/N |
||
| 100 |
_aPuri, Nitin K. _910605 |
||
| 245 |
_aNanomaterials: _bSynthesis, Properties and Applications / _cDr. Nitin K Puri |
||
| 260 |
_aNew Delhi: _bIK International Pvt Ltd, _c2021 |
||
| 300 | _a382 pages | ||
| 500 | _aNanomaterials, nanotechnology, nanoscale synthesis, materials science | ||
| 942 |
_2ddc _cBK _h620.5 _iPUR/N _k620.5 _mPUR/N |
||
| 999 |
_c44608 _d44608 |
||